000 00335nam a22001337a 4500
999 _c8157
_d8157
003 OSt
005 20200806115204.0
008 200806b ||||| |||| 00| 0 eng d
082 _a720.92
_bKRI
100 _aKries, Mateo,
_d1974
245 _aBalkrishna Doshi : architecture for the people
260 _bVitra design musium
942 _2ddc